Score 0/24 Timer 10:00
0 Plays Today
Siblings Show % Correct
Dexter and BrianDexter
78.2%
Homer and HerbThe Simpsons
72.5%
Piper and PaigeCharmed
63.4%
Lois and PatrickFamily Guy
52.1%
Jack and ClaireLost
50.7%
Fox and JefferyThe X-Files
44.4%
Lex and TessSmallville
42.3%
Sydney and NadiaAlias
38.7%
Morgause and MorganaMerlin
35.9%
Bobby and RayDallas
29.6%
Sam and AdamSupernatural
26.8%
Jax and TrinitySons of Anarchy
25.4%
Siblings Show % Correct
Adam and AdoraHe-Man and the Masters of the Universe
18.3%
Jason and SpencerPretty Little Liars
16.9%
Eric and ScottSouth Park
16.9%
Cowboy and NakomisBig Brother
16.9%
Kirsten and LindsayThe OC
14.8%
Jeff and Willy Jr.Community
13.4%
Derek and CoraTeen Wolf
12.7%
Hank and DermottThe Venture Brothers
10.6%
Tommy and LiamRescue Me
9.2%
Sam and TommyTrue Blood
8.5%
Jonathan and RoseBored to Death
7%
Matt and EmmeNip/Tuck
7%
Remove Ads.
Support Sporcle.
Get the best of Sporcle when you Go Orange. This ad-free experience offers more features, more stats, and more fun while also helping to support Sporcle. Thank you for becoming a member.

You're not logged in!

Compare scores with friends on all Sporcle quizzes.
OR
Log In

Show Comments

Extras

Created Oct 13, 2013ReportNominate
Tags:Show Quiz, Sibling

Top Quizzes Today


Score Distribution

Your Account Isn't Verified!

In order to create a playlist on Sporcle, you need to verify the email address you used during registration. Go to your Sporcle Settings to finish the process.

Report this User

Report this user for behavior that violates our Community Guidelines.

Details: